| 000 | 00754nam0a22002531 4500 | ||
|---|---|---|---|
| 001 | rc\2698018 | ||
| 005 | 20250623165104.0 | ||
| 035 | _a(NLR Aleph) 006826186 | ||
| 090 |
_a6495961 _c6495961 |
||
| 100 | _a20110915d1933 |||y0rusy50 ca | ||
| 101 | 0 | _arus | |
| 102 | _aRU | ||
| 105 | _ay z |||a| | ||
| 200 | 1 |
_aТри измерения _e[Роман] _fН. Огнев |
|
| 210 |
_a[Москва] _cГИХЛ _d1933 _gф-ка книги "Кр. пролетарий" |
||
| 215 |
_a246, [2] с. _d20х14 см. |
||
| 300 | _aПереплет: А. Радищев | ||
| 700 | 1 |
_aОгнев _bН. _f1888-1938 _gНиколай |
|
| 801 | 0 |
_aRU _bNLR _gpsbo |
|
| 801 | 1 |
_aRU _bELAR _2rusmarc |
|
| 852 |
_aNLR _j33-3/437 |
||
| 942 | _cBOOK | ||
| 980 | _aNB | ||